000 01274nam a2200349 a 4500
001 000000204
003 DO-SdBNP
005 20170922133634.0
007 000000204
008 090122s1991 dr a 000 0 spa d
040 _aBPMSU
_bspa
_cBPMSU
082 0 4 _a150
_bD542e, 1988
100 1 _aDíaz, José V.
245 1 0 _aElementos de psicología /
_cJosé V. Díaz Estévez.
250 _a2a ed.
260 _aSanto Domingo :
_bRex,
_c1988
300 _a224 p. :
_bil. ;
_c21cm.
500 _aCuarto de bachillerato
500 _aAprobado como texto básico por la Secretaria de Estado de Educación, Bellas Artes y Cultos, diciembre 1986
505 0 _tLa psicología sus inicios y su desarrollo --
_tLa conducta humana y los factores que la determinan --
_tEl aprendizaje humano --
_tLa personalidad --
_tPsicopatología.
650 4 _aPSICOLOGÍA
650 4 _aPERSONALIDAD
650 4 _aPSICOPATOLOGÍA
650 4 _aCONDUCTA (PSICOLOGÍA)
910 _aValidado. Control de calidad MFF
930 1 _lBND01
_mLF1
_6052042
_820090622
_f01
_pHD
942 _2ddc
_cBK
945 _aTitulo remanejado para BNPHU
956 _aTMEREDITH
_b10
_c20110913
_lBND01
_h1107
956 _aMFILETO
_b40
_c20140618
_lBND01
_h1120
956 _aVMATEO
_b10
_c20151002
_lBPMSU
_h00151
999 _c7417
_d7417